00477nam a22001457a 450000500170000000800410001702000340005804100130009208200150010510000300012024500870015026000440023730000250028165000250030620231110055825.0231110b |||||||| |||| 00| 0 eng d a9780409060287 ; 9780409060294 aEnglish  a346.1 VAN  aVan Niekerk, PAlEnglish  aA Practical Guide to Patrimonial Litigation in Divorce Actions / cPA Van Niekerk  aDurban : bLexisNexis (Pty) Ltd, c1999 b68 pages ; c26 cm.  aLegal practice bLaw